| 000 | 00362nam a2200145Ia 4500 | ||
|---|---|---|---|
| 005 | 20251222153559.0 | ||
| 008 | 251222s9999||||xx |||||||||||||| ||spa|| | ||
| 020 | _a9700758753 | ||
| 082 | _a340.11/P22 | ||
| 100 | _aPampillo Baliño, Juan Pablo | ||
| 245 | 0 | _aFilosofía del Derecho : | |
| 250 | _a1ra. ed. | ||
| 264 | _bEditorial Porrúa, S.A. | ||
| 942 | _cLIB | ||
| 999 |
_c31168 _d31168 |
||